[Event "Montigny le Bretonneux op 19th"]
[Site "Montigny le Bretonneux"]
[Date "2021.10.23"]
[Round "1"]
[White "Weil, Simon"]
[Black "Duval, Dominique"]
[Result "1-0"]
[WhiteElo "1199"]
[BlackElo "1695"]
[PlyCount "67"]
[EventDate "2021.10.23"]
[EventType "swiss"]
[EventRounds "7"]
[EventCountry "FRA"]
[SourceTitle "CBM 204 Extra"]
[Source "ChessBase"]
[SourceDate "2021.11.30"]
[SourceVersion "1"]
[SourceVersionDate "2021.11.30"]
[SourceQuality "1"]

1. e4 c5 2. b3 d6 3. Bb2 Nf6 4. Bb5+ Bd7 5. Bxd7+ Nbxd7 6. d3 e6 7. Ne2 Be7 8. 0-0 0-0 9. Ng3 Qc7 10. f4 Rac8 11. Nd2 b5 12. c4 a6 13. f5 e5 14. Ne2 b4 15. Rf3 h6 16. Nf1 Nh7 17. Ne3 Nb6 18. Nd5 Nxd5 19. cxd5 Qd8 20. Kh1 Ng5 21. Rg3 h5 22. Ng1 h4 23. Rg4 h3 24. gxh3 Nh7 25. Nf3 Bg5 26. Qg1 Bh6 27. Bc1 Qf6 28. Bg5 Bxg5 29. Nxg5 Nxg5 30. Rxg5 Qh6 31. Qg4 Rc7 32. f6 Qxf6 33. Rg1 g6 34. h4 1-0